书目信息 |
| 题名: |
电子元器件识别与检测一点通
|
|
| 作者: | 流耘 编著 | |
| 分册: | ||
| 出版信息: | 北京 电子工业出版社 2016.1 |
|
| 页数: | 11,291页 | |
| 开本: | 24cm | |
| 丛书名: | ||
| 单 册: | ||
| 中图分类: | TN60 | |
| 科图分类: | ||
| 主题词: | 电子元件--识别--基本知识 , 电子元件--检测--基本知识 , 电子器件--识别--基本知识 , 电子器件--检测--基本知识 | |
| 电子资源: | ||
| ISBN: | 978-7-121-27849-5 | |
| 000 | 01162nam0 2200289 450 | |
| 001 | 0400003821 | |
| 005 | 20171025162154.10 | |
| 010 | @a978-7-121-27849-5@dCNY49.80 | |
| 100 | @a20160425e2016 em y0chiy50 ea | |
| 101 | 0 | @achi |
| 102 | @aCN@b110000 | |
| 105 | @aa z 000yy | |
| 106 | @ar | |
| 200 | 1 | @a电子元器件识别与检测一点通@9dian zi yuan qi jian shi bie yu jian ce yi dian tong@b专著@f流耘编著 |
| 205 | @a第2版 | |
| 210 | @a北京@c电子工业出版社@d2016.1 | |
| 215 | @a11,291页@c图@d24cm | |
| 300 | @a电子技术入门一点通 | |
| 330 | @a本书围绕电子元器件的识别与检测,分别介绍了电阻器、电位器、敏感电阻器、电容器、电感器、变压器、半导体二极管、半导体三极管、场效应管、晶闸管、扬声器与蜂鸣器、、耳机与耳塞、传声器、传感器、集成电路、磁控管和LED数码显示管的基本特性、内部结构与主要参数,以及用MF47型指针式万用表、DT9205(BM9205)型数字式万用表检测其性能好坏。 | |
| 606 | 0 | @a电子元件@x识别@x基本知识 |
| 606 | 0 | @a电子元件@x检测@x基本知识 |
| 606 | 0 | @a电子器件@x识别@x基本知识 |
| 606 | 0 | @a电子器件@x检测@x基本知识 |
| 690 | @aTN60@v5 | |
| 701 | 0 | @a流耘@9liu yun@4编著 |
| 801 | 0 | @aCN@b91MARC@c20171022 |
| 905 | @b1027106-10@dTN60@f5@e80=2 | |
| 电子元器件识别与检测一点通/流耘编著.-第2版.-北京:电子工业出版社,2016.1 |
| 11,291页:图;24cm |
| 电子技术入门一点通 |
| ISBN 978-7-121-27849-5:CNY49.80 |
| 本书围绕电子元器件的识别与检测,分别介绍了电阻器、电位器、敏感电阻器、电容器、电感器、变压器、半导体二极管、半导体三极管、场效应管、晶闸管、扬声器与蜂鸣器、、耳机与耳塞、传声器、传感器、集成电路、磁控管和LED数码显示管的基本特性、内部结构与主要参数,以及用MF47型指针式万用表、DT9205(BM9205)型数字式万用表检测其性能好坏。 |
| ● |
| 相关链接 |
|
|
|
|
正题名:电子元器件识别与检测一点通
索取号:TN60/80=2
 
预约/预借
| 序号 | 登录号 | 条形码 | 馆藏地/架位号 | 状态 | 备注 |
| 1 | 1027106 | 210271061 | 第二样本阅览室/ [索取号:TN60/80=2] | 在馆 | |
| 2 | 1027107 | 210271070 | 第三借阅区/ [索取号:TN60/80=2] | 在馆 | |
| 3 | 1027108 | 210271089 | 第三借阅区/ [索取号:TN60/80=2] | 在馆 | |
| 4 | 1027109 | 210271098 | 密集书库-物理学院/ [索取号:TN60/80=2] | 在馆 | |
| 5 | 1027110 | 210271105 | 第三借阅区/ [索取号:TN60/80=2] | 在馆 |